Esprit : octobre 1966 /

Revista mensual de filosofía fundada por Emmanuel Mounier, filósofo e ideólogo francés promotor de personalismo y dirigida a partir de 1950 por Jean-Marie Domenach. El presente volumen está dedicado a las diversas formas en que se presenta el riesgo.

Na minha lista:
Detalhes bibliográficos
Outros Autores: Domenach, Jean-Marie (dirección) (dirección)
Formato: Livro
Idioma:francês
Assuntos:
Tags: Adicionar Tag
Sem tags, seja o primeiro a adicionar uma tag!

MARC

LEADER 00000nam^a2200000^a^4500
001 000265058
005 20250521000000.0
009 20260310110706.218
037 |a Acervo ITESO - Biblioteca 
041 |a FRA 
082 |a 105.  |b ESP 1966 V. 10 
240 1 1 |a [Esprit] 
245 0 0 |a Esprit :  |b octobre 1966 /  |c Dir. de J.M. Domenach. 
264 |a París, Francia :  |b Esprit,  |c 1966 
300 |a 385-574 p. 
336 |a texto  |b txt  |2 rdacontenido 
337 |a sin mediación  |b n  |2 rdamedio 
338 |a volumen  |b nc  |2 rdasoporte 
520 |a Revista mensual de filosofía fundada por Emmanuel Mounier, filósofo e ideólogo francés promotor de personalismo y dirigida a partir de 1950 por Jean-Marie Domenach. El presente volumen está dedicado a las diversas formas en que se presenta el riesgo. 
649 |a XX 
650 |a Filosofía -  |x Publicaciones Periódicas Francesas 
650 |a Publicaciones Periódicas Francesas 
700 |a Domenach, Jean-Marie  |e (dirección) 
910 |a Fondo General 
920 |a Impresos - Libros 
930 |a Colección General 
905 |a 101 
901 |a 0500147794  |b IT1  |c ACC  |u 20250521 
902 |a https://opac.biblio.iteso.mx/vufind/Record/000265058